000 00855nam a2200253Ia 4500
003 GCL
008 140319s9999 xx 000 0 ara d
040 _aGCL /
_cGCL
082 0 4 _a370.15
_bم م
100 1 _aسمير ابومغلى
245 1 0 _aالمدخل الى علم النفس التربوى /
_cسمير ابومغلى
700 1 _aمروان ابو حويج
250 _aالاولى
260 _aالاردن :
_bدار اليازورى العلمية للنشر والتوزيع ،
_c2004
300 _a291 ص ؛
_c24 سم
650 0 4 _aعلم النفس التربوى
650 0 4 _aالفروق الفردية
650 0 4 _aالتعلم
650 0 4 _aالذكاء
650 0 4 _aالادراك
650 0 4 _aالانتباه
650 0 4 _aعلم النفس التربوى - اغراضه واهدافه
942 _2ddc
_cBK
999 _c10157
_d10157